| 000 | 00726cam a2200181ua 4500 | ||
|---|---|---|---|
| 020 | _c2/50 | ||
| 041 |
_aeng _h |
||
| 082 |
_a823.301 _bCEN/LA |
||
| 110 | 1 |
_aCentral institute of english and foreign lanquages . _b _c() |
|
| 245 |
_aLanquage through Literature / _cCentral institute of english and foreign lanquages. _hTextual Documents |
||
| 250 |
_a1 / _b. |
||
| 260 |
_aMadras : _bOxford University Press , _c1973. |
||
| 300 | _a144 ; . | ||
| 365 | _a2/50 | ||
| 504 | _a | ||
| 942 | _cBK | ||
| 999 |
_c2922 _d2922 |
||